00407nam a2200169Ia 4500003000400000005001700004008004100021020001800062040000700080041000800087082002100095100001700116245003400133260004000167300001700207365001300224OSt20230421115755.0210423s2012 xx 000 0 und d a9788173717604 cAL aeng a511.5 223bPIRS aPIRZADA (S). aIntroduction to graph theory. aNew DelhibUniversities Pressc2012 aviii,396bPB b375cINR